| 000 | 00597cam a2200205 a 4500 | ||
|---|---|---|---|
| 001 | sa 67007068 | ||
| 003 | DLC | ||
| 005 | 20260227112412.0 | ||
| 008 | 060314s1965 ii af 000 p hino | ||
| 010 | _asa 67007068 | ||
| 035 | _a(OCoLC)ocm23562108 | ||
| 040 |
_aDLC _cDLC |
||
| 050 | 0 | 0 |
_aPK2098.A354 _bR33 1965 |
| 100 | 1 |
_aAgravāla, Śānti, _d1920- |
|
| 245 | 1 | 0 |
_aRadhā-Mādhava / _cŚānti Agravāla. |
| 260 |
_aBarelī : _bŚānti Prakāśana, _c1965. |
||
| 300 |
_a[17], 102 p., [1] leaf of plates : _bill. ; _c18 cm. |
||
| 546 | _aIn Hindi. | ||
| 650 | 0 |
_aKrishna (Hindu deity) _vPoetry. |
|
| 999 |
_c76334 _d76334 |
||